00645 a2200169 4500010001400000020002500014035001300039037001500052082001500067100001800082245010700100260005700207270011100264300003500375500004300410500002200453 aENG-89356 a818672210302c120.00 aEN-72889 bDBAD / PUB14a320.5409541 aShamsul Islam1 aGolwalkar's we or our nationhood defined:cby Shamsul Islamba critique with the full text of the book aNew DelhibPharos Media & Publishing Pvt. Ltd.c2006 aP.O. Box 9701, D-84, Abul Fazl Enclave - I , Jamia NagarbNew DelhicDelhie110025minfo@ pharosmedia.com avarious pagingsc21 cm ( pbk.) aScanned from the original 1939 edition aincludes appendix